Statistics for Oil Company Logos

Click here to take the quiz!

General Stats

  • This quiz has been taken 28 times
  • The average score is 7 of 15

Answer Stats

Answer% Correct
Royal Dutch Shell
100%
BP
96%
Chevron
85%
Texaco
78%
Castrol
67%
Saudi Aramco
48%
Petronas
44%
Lukoil
37%
Petrobras
37%
Valvoline
37%
Totalenergies
30%
Valero
30%
Petrochina
26%
Rosneft
19%
Qatar Petroleum
4%

Score Distribution

Percentile by Number Answered

Percent of People with Each Score

Your Score History

You have not taken this quiz